Statistiques concernant Géographie physique de l’OTAN

Cliquez ici pour prendre le quiz!

Statistiques générales

  • Ce quiz a été pris 41 fois
  • Le résultat moyen est 9 sur 20

Statistiques - réponses

QuestionRéponse% Correct
États-Unis
95%
France
93%
Plus grands pays (superficie)Canada
88%
Plus grand pays frontalier de l’OTANRussie
78%
Grande-Bretagne
73%
Plus longs cours d’eau (longueur totale)Mississippi
73%
Turquie
55%
Lieu du siège de l’OTANBruxelles
43%
Danube
43%
Plus grandes îlesGroenland
40%
Île de Baffin
28%
Colorado
25%
Sommets les plus hautsDenali
25%
Lieu de création de l’OTAN, à l’époque CANWashington D.C.
25%
Rio Grande
23%
Île Victoria
20%
Yukon
20%
Mont Logan
15%
La frontière entre ces pays est le point faible de l’OTAN (Corridor de Suwalki)Lituanie Pologne
10%
Mont Saint-Élie
0%

Distribution des résultats

Percentile par nombre de réponses

% des personnes avec chaque résultat

Votre développement - résultats

Vous n’avez pas pris ce quiz